000 01384nam a2200277 a 4500
999 _c346448
_d346448
003 BLK
005 20250725164857.0
008 191113b bu |||||r|||| 00| 0 bu d
020 _a9789544748173
040 _aBLK
041 _aBUL
_cBUL
080 _aИздания за деца и юноши. Книжки-картинки. Читанки. Вж и 372.4
_b087.5
_z087.5
100 _aЙохансон, Сара Маргарет
_eпърви автор
_91299
139 _aЙохансон, Сара Маргарет
_bИ 85
245 _aМия си зъбите сам
_cСара Маргарет Йохансон ; ил. Пиер Бриньо, Марсел Депрато ; прев. от англ. Ирина Манушева
260 _9209528
_aСофия
_bКибеа
_c2018
_fКитай
300 _a[24] с.
_b с цв. ил.
_c19 см
380 _aDN
500 _aПрев. по: I can brush my teeth / Sarah Margaret Johanson. - Кн. от поредицата Каю. - Кн. отпеч. на ламиниран картон
700 _9396462
_aБриньо, Пиер
_eилюстрации
700 _9396462
_aДепрато, Марсел
_eилюстрации
700 _aМанушева, Ирина Борисова
_9368041
852 _aЦб I 38269
942 _cKNG
_n0
_s1
_042
944 _aCR
_c2019-11-13
_k30531
_lЦветелина Шанова